00769cam a2200229 a 450000100100000000500170001000800410002704000300006808200200009810000370011824500340015526000560018930000280024549000120027365000240028565000280030983000190033791000330035604900090038995201240039899900170052200001928020200929165954.0900326s1988 cu a 001 j spa d aDO-SdBNPbspacDLCdBNPHU aCu863.44bM778f1 aMontero, Reinaldo,d1952-94147010aFabriles /cReinaldo Montero. aLa Habana, Cuba :bEditorial Letras Cubanas,c1988. a237 p. :bil. ;c18 cm.1 aEspiral 4aNovela cubana92316 4aLiteratura cubana91483 0aEspiral914718 aCatalogación derivada / LC aBNGR 001054708MOaGRbGRcCTd2010-05-31iLF1l0oCu863.44 M778fp19280-10r2020-06-25w2020-06-25y4ZPréstamo en sala c18798d18798